000 00725nam a2200289Ia 4500
005 20260324114351.0
008 008 260324s9999 xx 000 0 eng d
020 _a9781003162773
037 _aEBOOK
040 _aCRL
040 _beng
040 _cCRL
041 _2eng
041 _aeng
084 _qCRL
100 _aMartin Porr; Niels Weidtmann
_91150492
245 0 _aOne World Anthropology and Beyond
245 2 _bA Multidisciplinary Engagement with the Work of Tim Ingold
260 _bTaylor and Francis
260 _c2023
365 _a
365 _b230
856 _uhttp://www.taylorfrancis.com/books/9781003162773
942 _cEBOOK
999 _c1740641
_d1740641